Kadı Burhanettin divanı. [Hazırlıyan : Dehri Dilçin]. (Record no. 45033)

MARC details
000 -LEADER
fixed length control field 00786cam a22002291 4500
001 - CONTROL NUMBER
control field ne 62000297
003 - CONTROL NUMBER IDENTIFIER
control field DLC
005 - DATE AND TIME OF LATEST TRANSACTION
control field 20260227111734.0
008 - FIXED-LENGTH DATA ELEMENTS--GENERAL INFORMATION
fixed length control field 060823s1943 tu 000 0 tur
010 ## - LIBRARY OF CONGRESS CONTROL NUMBER
LC control number ne 62000297
040 ## - CATALOGING SOURCE
Original cataloging agency DLC
Transcribing agency DLC
Modifying agency DLC
050 00 - LIBRARY OF CONGRESS CALL NUMBER
Classification number PL248.B8
Item number A6 1943
100 0# - MAIN ENTRY--PERSONAL NAME
Personal name Kadi Burhaneddin,
Dates associated with a name 1344-1398.
245 10 - TITLE STATEMENT
Title Kadı Burhanettin divanı. [Hazırlıyan : Dehri Dilçin].
260 ## - PUBLICATION, DISTRIBUTION, ETC.
Place of publication, distribution, etc. İstanbul,
Name of publisher, distributor, etc. A. Kıral Basımevı,
Date of publication, distribution, etc. 1943-
300 ## - PHYSICAL DESCRIPTION
Extent v.
Dimensions 25 cm.
490 0# - SERIES STATEMENT
Series statement T. D. K. [Seri] C.
Volume/sequential designation II. [sayı] 19 [i. e. 78]
500 ## - GENERAL NOTE
General note Series no. supplied from Türk Dil Kurumu yayınları sıra listesi, 1932-1957.
505 0# - FORMATTED CONTENTS NOTE
Formatted contents note 1. Tıpkıbasım.
700 1# - ADDED ENTRY--PERSONAL NAME
Personal name Dilçin, Dehri,
Relator term ed.
830 #0 - SERIES ADDED ENTRY--UNIFORM TITLE
Uniform title Türk Dil Kurumu. Türk Dil Kurumu yayınlarından,
Volume/sequential designation sayı 78

No items available.

Powered by Koha